Skip to main content
Your cart is empty.
Your lists
Log in to create your own lists
Your cookies
العربية
English
العربية
Home
Search
Advanced search
Authority search
About
The noble scholar, jurist, historian
His Excellency Dr. Abdul Wahhab bin Ibrahim Abu Sulaiman, may Allah have mercy on him.
He was born in Umm Al-Qura in the year 1356 AH.
Library catalog
Title
Author
Subject
ISBN
ISSN
Series
Call number
Log in to your account
×
Login:
Password:
Home
MARC view: الكنس الجواري في الحسان من الجواري /
Normal view
MARC view
ISBD view
الكنس الجواري في الحسان من الجواري / (Record no. 6319)
[
view plain
]
MARC details
000 -LEADER
fixed length control field
02266cam a22002771i 4500
003 - CONTROL NUMBER IDENTIFIER
control field
SA-RiAUC
005 - DATE AND TIME OF LATEST TRANSACTION
control field
20250308143109.0
008 - FIXED-LENGTH DATA ELEMENTS--GENERAL INFORMATION
fixed length control field
250303s1998 le g 0001p ara c
040 ## - CATALOGING SOURCE
Original cataloging agency
ADPOL
Language of cataloging
ara
Transcribing agency
SA-RiAUC.
Description conventions
rda
082 04 - DEWEY DECIMAL CLASSIFICATION NUMBER
Classification number
811.82
Assigning agency
SA-RiAUC
090 ## - LOCALLY ASSIGNED LC-TYPE CALL NUMBER (OCLC); LOCAL CALL NUMBER (RLIN)
Classification number (OCLC) (R) ; Classification number, CALL (RLIN) (NR)
811.82
Local cutter number (OCLC) ; Book number/undivided call number, CALL (RLIN)
ش هـ ا
100 1# - MAIN ENTRY--PERSONAL NAME
Personal name
الشهاب الحجازي، أحمد بن محمد بن علي،
Dates associated with a name
790-875 هجري
Relator term
مؤلف.
245 12 - TITLE STATEMENT
Title
الكنس الجواري في الحسان من الجواري /
Statement of responsibility, etc.
أحمد بن محمد بن علي الشهاب الحجازي ؛ تحقيق رحاب عكاوي.
250 ## - EDITION STATEMENT
Edition statement
الطبعة الأولى.
264 #1 - PRODUCTION, PUBLICATION, DISTRIBUTION, MANUFACTURE, AND COPYRIGHT NOTICE
Place of production, publication, distribution, manufacture
بيروت :
Name of producer, publisher, distributor, manufacturer
دار الحرف العربي،
Date of production, publication, distribution, manufacture, or copyright notice
1998
300 ## - PHYSICAL DESCRIPTION
Extent
140 صفحة ؛
Dimensions
24 سم
336 ## - CONTENT TYPE
Content type term
نص
Content type code
txt
Source
rdacontent
Materials specified
كتاب
337 ## - MEDIA TYPE
Media type term
بدون وسيط
Media type code
n
Source
rdamedia
338 ## - CARRIER TYPE
Carrier type term
مجلد
Carrier type code
nc
Source
rdacarrier
650 #7 - SUBJECT ADDED ENTRY--TOPICAL TERM
Topical term or geographic name entry element
الشعر العربي
Chronological subdivision
العصر المملوكي
Source of heading or term
aucsh
700 1# - ADDED ENTRY--PERSONAL NAME
Personal name
عكاوي، رحاب
Relator term
محقق.
856 ## - ELECTRONIC LOCATION AND ACCESS
Uniform Resource Identifier
<a href="http://www.alwaraq.net/Core/waraq/coverpage?bookid=3160&option=1">http://www.alwaraq.net/Core/waraq/coverpage?bookid=3160&option=1</a>
Link text
External Link
Access method
نرجو الانتباه لإمكانية وجود اختلاف في الطبعة أو الناشر بين البيانات على البوابة وما ستجده على الكتاب نظرا لمحدودية المعلومات المتاحة على الموقع الناشر للمادة.
Materials specified
Please note that there may be a difference in the edition or publisher between the data on the portal and the book due to the limited information available on the publisher website for the material.
856 ## - ELECTRONIC LOCATION AND ACCESS
Uniform Resource Identifier
<a href="http://www.alwaraq.net/Core/AlwaraqSrv/bookpage?book=3160&option=1&fkey=2&page=1">http://www.alwaraq.net/Core/AlwaraqSrv/bookpage?book=3160&option=1&fkey=2&page=1</a>
Link text
Digital Copy
Access method
نرجو الانتباه لإمكانية وجود اختلاف في الطبعة أو الناشر بين البيانات على البوابة وما ستجده على الكتاب نظرا لمحدودية المعلومات المتاحة على الموقع الناشر للمادة.
Materials specified
Please note that there may be a difference in the edition or publisher between the data on the portal and the book due to the limited information available on the publisher website for the material.
942 ## - ADDED ENTRY ELEMENTS (KOHA)
Source of classification or shelving scheme
Dewey Decimal Classification
Koha item type
Books
Suppress in OPAC
No
949 ## - LOCAL PROCESSING INFORMATION (OCLC)
a
SA-JeALM
d
250303
u
mohamedma123
n
1
Holdings
Withdrawn status
Lost status
Source of classification or shelving scheme
Damaged status
Not for loan
Home library
Current library
Date acquired
Total checkouts
Full call number
Barcode
Date last seen
Price effective from
Koha item type
Dewey Decimal Classification
DR AbdElwahab Library
DR AbdElwahab Library
03/08/2025
811.82 ش هـ ا
000010632
03/08/2025
03/08/2025
Books
Place hold
Print
Add to your cart
(remove)
Save record
BIBTEX
Dublin Core
MARCXML
MARC (non-Unicode/MARC-8)
MARC (Unicode/UTF-8)
MARC (Unicode/UTF-8, Standard)
MODS (XML)
RIS
ISBD
More searches
Search for this title in:
Other Libraries (WorldCat)
Other Databases (Google Scholar)
Online Stores (Bookfinder.com)
Open Library (openlibrary.org)
Exporting to Dublin Core...
×
Simple DC-RDF
OAI-DC
SRW-DC